00749nam a2200145 i 4500001000300000245032200003260002900325300003600354504002400390040000800414041000800422080003400430008004100464856009800505bg 0aAnalytical models and new concepts in mechanics of structural concrete :b[proceedings of the] International Conference Białystok, Poland 6-8 V 1993r /cCivil Engineering Committee of the Polish Academy of Sciences. Section of Connrete Structures, Białystok University of Technology. Institute of Civil Engineering. aBiałystok :bUT,c1993. a474 s. :brys., wykr. ;c24 cm. aBibliogr. przy ref. cBPK apol a624.01/.07:666.97/.98](061.3) s pl f |000 0 pol  uhttp://koha.tu.koszalin.pl/cgi-bin/koha/opac-detail.pl?biblionumber=29956yKatalog online BPK